Southville International School and Colleges
Your cart is empty.
  • Cart
  • Lists
    Public lists list_1 View all
    Your lists Log in to create your own lists
  • Log in to your account
  • Your cookies
  • Search history
Southville International School and Colleges
  • Advanced search
  • Recent comments
  • Most popular
  • Libraries

Log in to your account

Log in with GOOGLE


If you do not have an external account, but do have a local account, you can still log in:

  1. Home
  2. MARC view: School counseling classroom guidance :
Normal view MARC view ISBD view

School counseling classroom guidance : (Record no. 306688)

[ view plain ]
MARC details
000 -LEADER
fixed length control field 01082cam a22002774i 4500
001 - CONTROL NUMBER
control field 18726530
003 - CONTROL NUMBER IDENTIFIER
control field LC
005 - DATE AND TIME OF LATEST TRANSACTION
control field 20170209142216.0
008 - FIXED-LENGTH DATA ELEMENTS--GENERAL INFORMATION
fixed length control field 150803s2016 cau b 001 0 eng
010 ## - LIBRARY OF CONGRESS CONTROL NUMBER
LC control number 2015029067
020 ## - INTERNATIONAL STANDARD BOOK NUMBER
International Standard Book Number 9781483316482 (pbk. : alk. paper)
040 ## - CATALOGING SOURCE
Original cataloging agency DLC
Language of cataloging eng
Transcribing agency DLC
Description conventions rda
Modifying agency DLC
042 ## - AUTHENTICATION CODE
Authentication code pcc
050 00 - LIBRARY OF CONGRESS CALL NUMBER
Classification number LB1027.5
Item number .Z56 2016
082 00 - DEWEY DECIMAL CLASSIFICATION NUMBER
Classification number 371.4
245 10 - TITLE STATEMENT
Title School counseling classroom guidance :
Remainder of title prevention, accountability, and outcomes /
Statement of responsibility, etc edited by Jolie Ziomek-Daigle, University of Georgia.
300 ## - PHYSICAL DESCRIPTION
Extent xxviii, 313 pages ;
Dimensions 23 cm
504 ## - BIBLIOGRAPHY, ETC. NOTE
Bibliography, etc Includes bibliographical references and index.
650 #0 - SUBJECT ADDED ENTRY--TOPICAL TERM
Topical term or geographic name as entry element Counseling in elementary education.
650 #0 - SUBJECT ADDED ENTRY--TOPICAL TERM
Topical term or geographic name as entry element Counseling in secondary education.
650 #0 - SUBJECT ADDED ENTRY--TOPICAL TERM
Topical term or geographic name as entry element Group guidance in education.
700 ## - ADDED ENTRY--PERSONAL NAME
Personal name Ziomek-Daigle, Jolie.
906 ## - LOCAL DATA ELEMENT F, LDF (RLIN)
a 7
b cbc
c orignew
d 1
e ecip
f 20
g y-gencatlg
942 ## - ADDED ENTRY ELEMENTS (KOHA)
Source of classification or shelving scheme Library of Congress Classification
Koha item type Books
Holdings
Withdrawn status Lost status Source of classification or shelving scheme Damaged status Home library Current library Shelving location Date acquired Source of acquisition Total Checkouts Total Renewals Full call number Barcode Date last seen Date checked out Price effective from Koha item type
    Library of Congress Classification   Luxembourg Library Luxembourg Library Teachers Reference Section 02/09/2017 Library Fund 2 4 LB 1027.5 .Z56 2016 20393 02/24/2020 01/28/2020 02/09/2017 Books

School counseling classroom guidance :

APA

Ziomek-Daigle J., .School counseling classroom guidance. : .

Chicago

Ziomek-Daigle Jolie, .School counseling classroom guidance. : .

Harvard

Ziomek-Daigle J., .School counseling classroom guidance. : .

MLA

Ziomek-Daigle Jolie, .: . .

  • Place hold
  • Print
  • Cite
  • Add to your cart (remove)
  • Save record
    BIBTEX Dublin Core MARCXML MARC (non-Unicode/MARC-8) MARC (Unicode/UTF-8) MARC (Unicode/UTF-8, Standard) MODS (XML) RIS
  • More searches
    Search for this title in:
    Other Libraries (WorldCat) Other Databases (Google Scholar) Online Stores (Bookfinder.com) Open Library (openlibrary.org)

Exporting to Dublin Core...

SOUTHVILLE LIBRARY

Southville International School and Colleges Library

1281 Tropical Ave. Cor. Luxembourg St., BF Homes International, Las Pinas City

Tel. No. 8256374 / 252358 Loc. 117/146

Powered by Koha